000 00492nam a2200193Ia 4500
005 20250326125812.0
008 250326s9999 xx 000 0 und d
037 _aTextbook
040 _aFMSL
_beng
_cFMSL
041 _aeng
_2eng
084 _aX:8M N6
_qFMSL
100 _aDenyer J C
245 0 _aOffice management
_cDenyer J C
250 _a2
260 _aLondon
_bLondon, Macdonald & Evan
_c1966
300 _a477p
942 _cTB
_hX:8M N6
999 _c1279645
_d1279645